| 000 | 00643nam a22001697a 4500 | ||
|---|---|---|---|
| 999 |
_c19949 _d19949 |
||
| 008 | 240402b ||||| |||| 00| 0 eng d | ||
| 020 | _a9712313263 | ||
| 082 |
_aDFil 370.1 _bP54 1994 |
||
| 100 |
_aBotor, Celeste O. _916109 |
||
| 245 |
_aPhilosophy of education concerns : _bpuposes, content, and methods of education / _cCeleste O. Botor and Aniceta M. Ortinero. |
||
| 260 |
_aManila : _bRex Book Store, _c©1994. |
||
| 300 |
_axiv, 338 pages : _billustrations ; _c22 cm. |
||
| 500 | _aIncludes references and bibliography. | ||
| 650 |
_aEducation _xPhilosophy. _955761 |
||
| 700 |
_aOrtinero, Aniceta M. _eauthor. _955760 |
||
| 942 |
_2ddc _cDFIL |
||